Botany: A functional approach (Record no. 20564)

MARC details
000 -LEADER
fixed length control field 00540nam a2200217Ia 4500
082 ## - DEWEY DECIMAL CLASSIFICATION NUMBER
Classification number 581
Item number MUL
100 ## - MAIN ENTRY--AUTHOR NAME
Personal name MULLER, Walter H
245 #0 - TITLE STATEMENT
Title Botany: A functional approach
260 ## - PUBLICATION, DISTRIBUTION, ETC. (IMPRINT)
Place of publication New York
Name of publisher Macmillan company
Year of publication 1964
650 ## - SUBJECT ADDED ENTRY--TOPICAL TERM
Topical Term Cellular structure
650 ## - SUBJECT ADDED ENTRY--TOPICAL TERM
Topical Term Enzyme
650 ## - SUBJECT ADDED ENTRY--TOPICAL TERM
Topical Term Mineral nutrition
650 ## - SUBJECT ADDED ENTRY--TOPICAL TERM
Topical Term Morphology
650 ## - SUBJECT ADDED ENTRY--TOPICAL TERM
Topical Term Photosynthesis
650 ## - SUBJECT ADDED ENTRY--TOPICAL TERM
Topical Term Physiology
650 ## - SUBJECT ADDED ENTRY--TOPICAL TERM
Topical Term Plant toxonomy
650 ## - SUBJECT ADDED ENTRY--TOPICAL TERM
Topical Term Soil
650 ## - SUBJECT ADDED ENTRY--TOPICAL TERM
Topical Term Transpiration
942 ## - ADDED ENTRY ELEMENTS (KOHA)
Koha item type Books
Holdings
Withdrawn status Lost status Damaged status Not for loan Home library Current library Date acquired Full call number Accession Number Koha item type
        RRII Library RRII Library 16/12/2021 581 MUL 01287 Books